000 01093nam a22002777a 4500
003 OSt
005 20201202115446.0
008 201202s2012 ck ||||gr|||| 00| 0dspa d
020 _a9789584230003
040 _aCO-JMCR
_cCO-JMCR
041 1 _aspa
_heng
082 0 4 _a323.044 /
_bH587i
_223
100 1 _aHessel, Stéphane,
_eautor
_912424
245 1 _a¡Indignaos! :
_bun alegato contra la indiferencia y a favor de la insurrección pacífica /
_cStéphane Hessel ; traducción de Telmo Moreno Lanaspa
260 _aBogotá :
_bPlaneta,
_c2012
300 _a60 páginas ;
_c19 cm.
490 _aColección Imago Mundi ;
_vV.195.
500 _aDatos biográficos del autor en solapa frontal.
520 0 _aHoy se trata de no sucumbir bajo el huracán destructor del conocimiento voraz y de la distracción mediática mientras nos aplican los recortes.
546 _aTraducción del inglés.
650 2 4 _aPacifismo
_912425
650 2 4 _aDerechos humanos
_912426
650 2 4 _aCambio (Sociología)
_912427
700 1 _aMoreno Lanaspa, Telmo,
_etraductor
_912428
942 _2ddc
_cBK
999 _c7018
_d7018